| 000 | 00404nam a2200145Ia 4500 | ||
|---|---|---|---|
| 008 | 210210b1959 xxu||||| |||| 00| 0 eng d | ||
| 082 | _a547.7 JENP | ||
| 100 | _aJENNESS (Robert) & PATTON (Stuart). | ||
| 245 | _aPrinciples of dairy chemistry. | ||
| 260 |
_aND _bWiley Eastern Pvt Ltd. _c1959 |
||
| 300 | _aviii,446 | ||
| 650 | _aDairy Chemistry Milk | ||
| 690 | _aOrganic Chemistry | ||
| 906 | _aCC00211 | ||
| 999 |
_c109401 _d109401 |
||